2021 Champions League Final Manchester City - Chelsea - Statistics

General Stats
  • This quiz has been taken 6,269 times
  • The average score is 23 of 30
Answer Stats
Player % Correct
Ederson
96%
Kevin De Bruyne
93%
Kai Havertz ¹
92%
Kyle Walker
91%
Thiago Silva
90%
Bernardo Silva
89%
Édouard Mendy
89%
Rúben Dias
89%
John Stones
86%
N'Golo Kanté
84%
Pep Guardiola
83%
Reece James
83%
Timo Werner
81%
Thomas Tuchel
80%
Mason Mount
80%
Raheem Sterling
79%
Sergio Agüero
78%
Antonio Rüdiger
77%
Ben Chilwell
75%
Phil Foden
73%
César Azpilicueta
70%
İlkay Gündoğan
70%
Jorginho
70%
Riyad Mahrez
64%
Gabriel Jesus
62%
Oleksandr Zinchenko
59%
Fernandinho
56%
Mateo Kovačić
53%
Andreas Christensen
48%
Christian Pulisic
43%
No matching quizzes found
Score Distribution
Percent of People with Each Score
Percentile by Number Answered
Your Score History
You have not taken this quiz